Statistiques concernant Les fifilles de Papy Renai

Cliquez ici pour prendre le quiz!

Statistiques générales

  • Ce quiz a été pris 9 fois
  • Le résultat moyen est 11 sur 12

Statistiques - réponses

QuestionsRéponses% Correct
ProutAlo
100%
La plus drôleAlo
100%
Miss coquetteElina
100%
Madame quiétudeElyne
100%
La plus starFlavie
100%
Miss VoyageFlora
100%
Qui est la plus sainte ?Flora
100%
La dalleuseMessa
100%
As du guidonMessa
100%
Boucle d'orThaïs
100%
Avec le plus de second degréMarie
86%
Miss RGPDAlie
43%

Distribution des résultats

Percentile par nombre de réponses

% des personnes avec chaque résultat

Votre développement - résultats

Vous n’avez pas pris ce quiz